Southville International School and Colleges
Your cart is empty.
  • Cart
  • Lists
    Public lists Eva Luna New books Lux_list list_1
    Your lists Log in to create your own lists
  • Log in to your account
  • Your cookies
  • Search history
Southville International School and Colleges
  • Advanced search
  • Recent comments
  • Most popular
  • Libraries

Log in to your account

Log in with GOOGLE


If you do not have an external account, but do have a local account, you can still log in:

  1. Home
  2. MARC view: Winning soccer for girls /
Normal view MARC view ISBD view

Winning soccer for girls / (Record no. 24896)

[ view plain ]
MARC details
000 -LEADER
fixed length control field 00622nam a2200205 a 4500
003 - CONTROL NUMBER IDENTIFIER
control field SISC
005 - DATE AND TIME OF LATEST TRANSACTION
control field 20160819105749.0
008 - FIXED-LENGTH DATA ELEMENTS--GENERAL INFORMATION
fixed length control field 110928s19uu xx 00 eng d
020 ## - INTERNATIONAL STANDARD BOOK NUMBER
International Standard Book Number 9780816077144
050 ## - LIBRARY OF CONGRESS CALL NUMBER
Classification number GV 944.5
Item number .C75 2010
100 ## - MAIN ENTRY--PERSONAL NAME
Personal name Crisfield, Deborah.
245 ## - TITLE STATEMENT
Title Winning soccer for girls /
Statement of responsibility, etc Deborah W. Crisfield; foreword by Bill Hawkey and Patrick Murphey.
250 ## - EDITION STATEMENT
Edition statement 3rd edition.
260 ## - PUBLICATION, DISTRIBUTION, ETC. (IMPRINT)
Place of publication, distribution, etc New York :
Name of publisher, distributor, etc Chelsea House,
Date of publication, distribution, etc 2010.
300 ## - PHYSICAL DESCRIPTION
Extent 164 pages :
Other physical details ill. ;
Dimensions 26 cm.
500 ## - GENERAL NOTE
General note Includes glossary and index.
650 ## - SUBJECT ADDED ENTRY--TOPICAL TERM
Topical term or geographic name as entry element Soccer for women.
942 ## - ADDED ENTRY ELEMENTS (KOHA)
Koha item type Books
Source of classification or shelving scheme Library of Congress Classification
Call number prefix Foreign
Holdings
Withdrawn status Lost status Source of classification or shelving scheme Damaged status Home library Current library Shelving location Date acquired Source of acquisition Total Checkouts Full call number Barcode Date last seen Copy number Price effective from Koha item type
    Library of Congress Classification   College Library College Library General Circulation Section 01/08/2014 Donation   GV 944.5 .C75 2010 C13638 05/15/2018 1 01/08/2014 Books

Winning soccer for girls /

APA

Crisfield D., . (2010). Winning soccer for girls. New York: Chelsea House.

Chicago

Crisfield Deborah, . 2010. Winning soccer for girls. New York: Chelsea House.

Harvard

Crisfield D., . (2010). Winning soccer for girls. New York: Chelsea House.

MLA

Crisfield Deborah, . Winning soccer for girls. New York: Chelsea House. 2010.

  • Place hold
  • Print
  • Cite
  • Add to your cart (remove)
  • Save record
    BIBTEX Dublin Core MARCXML MARC (non-Unicode/MARC-8) MARC (Unicode/UTF-8) MARC (Unicode/UTF-8, Standard) MODS (XML) RIS
  • More searches
    Search for this title in:
    Other Libraries (WorldCat) Other Databases (Google Scholar) Online Stores (Bookfinder.com) Open Library (openlibrary.org)

Exporting to Dublin Core...

SOUTHVILLE LIBRARY

Southville International School and Colleges Library

1281 Tropical Ave. Cor. Luxembourg St., BF Homes International, Las Pinas City

Tel. No. 8256374 / 252358 Loc. 117/146

Powered by Koha